000 00811nam a2200253Ia 4500
003 GCL
005 20240530102851.0
008 140319s9999 xx 000 0 ara d
040 _aGCL /
_cGCL
082 0 4 _a191
_bع م
100 1 _aعبدالرحمن بدوى
245 1 0 _aموسوعة الفلسفة /
_cعبدالرحمن بدوى
250 _aالاولى
260 _aبيروت :
_bالمؤسسة العربية للدراسات والنشر ،
_c1984
300 _aمتعدد ؛
_c30سم
650 0 4 _aدوائر المعارف
650 0 4 _aالفلسفة الاسلامية
650 0 4 _aالفلسفة
650 0 4 _aفلسفة ارسطو
650 0 4 _aالفلسفة الحديثة
650 0 4 _aالفلسفة اليونانية
650 0 4 _aالفلاسفة
942 _2ddc
_cBK
999 _c35014
_d35014